00510nam a22001457a 450000500170000000800410001702000280005804100130008608200130009910000400011224500970015226000580024930000310030765000260033820240118141617.0240118b |||||||| |||| 00| 0 eng d a0409003301 ; 0409003689 aEnglish  a349 JOU  aJoubert, WA and Scott TJ lEnglish  aThe Law of South Africa : Negotiable Instruments to Partnership / cWA Joubert and TJ Scott  aDurban : bButterworth and Company (Pty) Ltd, c1983  bvii, 421 pages ; c26 cm.  aLegal practice bLaw